000 00610nam a2200181Ia 4500
008 100917s9999 xx 000 0 und d
082 _b24661
100 _aकीगेकर ना. वा.
245 _aभारताची विज्ञान भूषणे
260 _bअनिरूध्द साहित्य
_c1973
300 _a69
365 _b3.5
520 _aचरित्र
630 _aभारताची विज्ञान भूषणे
650 _aचरित्र
730 _aभारताची विज्ञान भूषणे
942 _cBOOK
999 _c630055
_d630052